• 首页
  • 本馆介绍
  • 公告通知
  • 最新文献
  • 馆藏检索
  • 电子资源
  • 读者导购
  • 参考咨询
  • 我的图书馆
  • 登录
  • 详细信息显示
  • 放入我的书架
  • 预约/预借图书
  • 作者相关作品
  • 分类相关作品
  • 丛书相关作品
  • 出版社相关作品

书目信息

  • 表格格式
  • 工作单格式
  • 卡片格式
题名:
英汉、汉英高分子词汇
    
 
作者: 黄葆同 主编
分册:  
出版信息: 北京   化学工业出版社  1996
页数: 389页
开本: 20cm
丛书名:
单 册:
中图分类: O63-61
科图分类:
主题词: 高分子化学--词典 , 高聚物--词典
电子资源:
ISBN: 7-5025-1551-8
000 00589nam0 2200205 45
001 0111200991
005 20050104155924.7
010    @a7-5025-1551-8@b精装@dCNY25.00
100    @a20011120d1996 km y0chiy0120 ea
101 0  @achi
105    @a z 000yy
200 1  @a英汉、汉英高分子词汇@AYing Han、Han Ying Gao Fen Zi Ci Hui@f黄葆同主编@FHuang Bao Tong Zhu Bian
210    @a北京@c化学工业出版社@d1996
215    @a389页@d20cm
606 0  @a高分子化学@x词典
606 0  @a高聚物@x词典
690    @aO63-61@v4
701    @a黄葆同@4主编
801    @aCN@bTSTC@c20011120
905    @dO63-61@e33
    
    英汉、汉英高分子词汇/黄葆同主编.-北京:化学工业出版社,1996
    389页;20cm
    
    
    ISBN 7-5025-1551-8(精装):CNY25.00
    
●
相关链接 在E读中查询图书 在五车中查询图书 在当当中查询图书 在豆瓣中查询图书


正题名:英汉、汉英高分子词汇     索取号:O63-61/33         预约/预借

序号 登录号 条形码 馆藏地/架位号 状态 备注
1 0301111   203011114   工具书阅览室/ [索取号:O63-61/33] 在馆    
2 0301112   203011123   第三借阅区/ [索取号:O63-61/33] 在馆    
3 0301113   203011132   第三借阅区/ [索取号:O63-61/33] 在馆    
4 0301114   203011141   第三借阅区/ [索取号:O63-61/33] 在馆    
5 0301115   203011150   第三借阅区/ [索取号:O63-61/33] 在馆    
6 0301116   203011169   第三借阅区/ [索取号:O63-61/33] 在馆    
7 0301117   203011178   第二样本阅览室/ [索取号:O63-61/33] 在馆    
唐山师范学院图书馆 欢迎您!
大连网信软件有限公司© 版权所有